00381nam a22001097a 4500003000400000005001700004008004100021040002700062100006900089245008400158260002900242OSt20240320115706.0240320b |||||||| |||| 00| 0 eng d cCentral Library MRSPTU aDr. Yatish Aggarwal (ਡਾ. ਯਤੀਸ਼ ਅਗਰਵਾਲ) a300 question related health (ਸਿਹਤ ਸੰਬੰਧੀ 300 ਸਵਾਲ) bLok Geet Prakashanc2006